Štruktúrnogeologické pomery v Jaskyni zlomísk v Jánskej doline = Structural-geological conditions in the Jaskyňa zlomísk Cave in the Jánska Valley

Podrobná bibliografia
Hlavný autor: Marušin, Milan (Author)
Ďalší autori: Sýkora, J. (Photographer)
Médium: Článok
Jazyk:Slovak
Témy:
ISBN: 80-88924-51-0
Zdroj: 1. Slovenský kras 1. Liptovský Mikuláš : Slovenské múzeum ochrany prírody a jaskyniarstva, 2006 1. 80-88924-51-0 1. S. 81-97
LEADER 01190naa a2200385 a 4500
001 000085421
003 SVKKK
005 20070910132538.0
008 070822c2006 xo e slo
FMT
038 |a SVKKK 
040 |a SVKKK  |b slo  |e AACR2 
041 0 |a slo  |b eng 
044 |a xo  |c SK 
080 |a 551.243  |2 1997 
080 |a 551.44(234.372.4):551.243  |2 1997 
090 |a IV.199323 
100 1 |a Marušin, Milan  |4 aut 
245 1 0 |a Štruktúrnogeologické pomery v Jaskyni zlomísk v Jánskej doline =  |b Structural-geological conditions in the Jaskyňa zlomísk Cave in the Jánska Valley  |c Milan Marušin ; J. Sýkora 
300 |b Obr. 
504 |a Bibliogr. odkazy 
504 |a Res. angl. 
650 0 4 |a jaskyne  |z Slovensko  |x výskumy 
651 4 |a Jaskyňa zlomísk (Slovensko)  |x štrukturálnogeologické pomery  |x genéza  |x výskumy  |x vyhodnotenie 
700 1 |a Sýkora, J.  |4 pht 
773 0 |t Slovenský kras  |d Liptovský Mikuláš : Slovenské múzeum ochrany prírody a jaskyniarstva, 2006  |z 80-88924-51-0  |g S. 81-97 
958 |a NB 
974 |a MI 
992 |a RZB 
BAS
BAS
852 |a SVKKK  |b BIB 
EXP
998 |a GEO 
998 |a GEO